02059cam a2200325 i 4500001001200000003000900012005001700021008004100038020001800079040008800097082002000185100003700205245014200242250002100384264003900405300004700444336002600491337002800517338002700545500005100572505009000623520056300713650003301276653002201309655002401331942001201355949018101367999001701548952016801565om824059602EG-ScBUE20220104124609.0200225s2020 nyua f 000 0 eng d a9780770433130 aUKMGBbengerdacUKMGBdOCLCOdTOHdILEdGL4dOCLCFdNZAUCdVP@dCLEdYDXdEG-ScBUE04a778.92bPET2221 aPeterson, Bryan,d1952-eauthor.10aUnderstanding portrait photography :bhow to shoot great pictures of people anywhere /cBryan Peterson, author of understanding exposure. aRevised edition. 1aNew York :bWatson-Guptill,c2020. a185 pages :bcolor illustrations ;c27 cm atextbtxt2rdacontent aunmediatedbn2rdamedia avolumebnc2rdacarrier a"New & revised edition of Beyond Portraiture."0 aUnderstanding people -- Working with people -- Light -- Composing powerful portraits. a"Great portraits go beyond a mere record of a face. They reveal one of the millions of intimate human moments that make up a life. In Understanding Portrait Photography, renowned photographer Bryan Peterson shows how to spot those "aha!" moments and capture them forever, rather than relying on pure luck and chance. Peterson's approach explains what makes a photo memorable, how to locate the universal themes that everyone can identify with, and how to use lighting, setting, and exposure to uncover the wonder and joy of everday living."--Page 4 of cover. 7aPortrait photography.2BUEsh bARTcDecember2021 vReading book934232 2ddccBB tNONCIRCl_ULDEMANDmI-UNIVLIBo.PUBLIC. Books on Demand service for IUPUI University Library users onlyo.PUBLIC. Click the “Get this for IUPUI” button to submit a request. c29735d29706 00102ddc40708BaccahaMAINbMAINc2NDd2022-01-04ePurchaseg520.00h36339l1m1o778.92 PETp000056069r2025-07-15 00:00:00s2025-05-13v650.00w2022-01-04yBB